header

Meaning in the second language (Record no. 20295)

MARC details
000 -LEADER
fixed length control field 01357nam a2200349Ia 4500
082 04 - DEWEY DECIMAL CLASSIFICATION NUMBER
Classification number 401/.93
100 1# - MAIN ENTRY--AUTHOR NAME
Personal name Slabakova, Roumyana.
245 10 - TITLE STATEMENT
Title Meaning in the second language
260 ## - PUBLICATION, DISTRIBUTION, ETC. (IMPRINT)
Place of publication Berlin :
Name of publisher Mouton de Gruyter,
Year of publication c2008.
300 ## - PHYSICAL DESCRIPTION
Number of Pages xi, 326 p. :
Other physical details ill.
490 1# - SERIES STATEMENT
Series statement Studies on language acquisition,
650 #0 - SUBJECT ADDED ENTRY--TOPICAL TERM
Topical Term Grammar, Comparative and general.
Topical Term Second language acquisition.
Topical Term Semantics.
856 40 - ELECTRONIC LOCATION AND ACCESS
Uniform Resource Identifier http://site.ebrary.com/lib/rucke/Doc?id=10275892

No items available.

© 2026 Rongo University
Contact us: librarian | system librarian | Rongo university